| 000 | 01535nam1a22003971 4500 | ||
|---|---|---|---|
| 001 | RU\NLR\A1SV\71038 | ||
| 005 | 20260406090413.0 | ||
| 035 | _a(NLR Aleph) 009752586 | ||
| 090 |
_a9986588 _c9986588 |
||
| 100 | _a20260120 rusy50 | ||
| 101 | 0 | _arus | |
| 102 | _aRU | ||
| 200 | 1 |
_aПрактика договоров _eРук. к составлению договоров и сделок по действующему законодательству с примерами и образцами _fВ.А.Краснокутский, М.Г.Кляцкин и Г.Д.Рындзюнский |
|
| 210 |
_aМ. _cЮрид. изд-во Наркомюста РСФСР _d1924-1925 |
||
| 215 | _d23 см | ||
| 620 | _dМосква | ||
| 700 | 1 |
_7ca _8rus _aКраснокутский _bВ. А. _f1873- _gВасилий Александрович _3RU\NLR\AUTH\770280948 _92652915 |
|
| 701 | 1 |
_aКляцкин _bМ.Г. _f1897-1926 _gМихаил Герцевич |
|
| 701 | 1 |
_aРындзюнский _bГ.Д. _f1873-1937 _gГригорий Давыдович |
|
| 801 | 0 |
_aRU _bNLR _c20060714 |
|
| 899 |
_aРНБ _j14/177 |
||
| 899 |
_aНБ Бел. _z(Вып.1) |
||
| 899 |
_aНГОУНБ _z(Вып.1) |
||
| 899 | _aМГУ | ||
| 899 |
_aКирОУНБ _z(Вып.1) |
||
| 899 |
_aАКУНБ _z(Вып.2) |
||
| 899 | _aРГБ | ||
| 899 |
_aСамОУНБ _z(Вып.2) |
||
| 899 | _aБАН | ||
| 899 |
_aSLK _z(Вып.1) |
||
| 899 | _aСПбГУ | ||
| 942 | _cBOOK | ||
| 980 | _aNB | ||
| 980 | _aA1SV | ||
| 980 | _aA1SV | ||